| Registos Bibliográficos associados ao registo de autoridade |
|
Etiqueta de registo: 00254nkm 2200109 450 001 1724907 003 http://id.bnportugal.gov.pt/bib/catbnp/1724907 100 ## $a20090922d2000 am a0pory0103 ba 101 0# $apor 102 ## $aPT 200 1# $aAvenida Brasil$bVisual gráfico]$esérie documental$fRadiotelevisão Portuguesa, Comissão Nacional para as Comemorações dos Descobrimentos
Portugueses$g[design] Nicolau Tudela 210 #9 $a[Lisboa]$cRTP$cCNCDP,$d[2000] 215 ## $a1 cartaz$ccolor.$d67,5x48 cm 300 ## $aRealização Bento Pinto da França, autoria Francisco José Viegas e Rui Mateus Pereira 306 ## $aData ms no verso 675 ## $a791(=1:469)"200"(084.5)$vBN$zpor$31397582 675 ## $a766(=1:469)"200"(084.5)$vBN$zpor$3972418 702 #1 $aTudela,$bNicolau$4410$31392737 710 02 $aRadiotelevisão Portuguesa$315726 711 01 $aPortugal.$bComissão Nacional para as Comemorações dos Descobrimentos Portugueses$4070$331063 801 #0 $aPT$bBN$gRPC 966 ## $lBN$mICONOG$sCT. 11069 A.$x3
Etiqueta de registo: 00000nkm 2200025 450 001 2278078 003 http://id.bnportugal.gov.pt/bib/catbnp/2278078 100 ## $a20260309f199- m y0pory01030103ba 101 0# $apor 102 ## $aPT 200 1# $aAprender em conjunto para trabalhar em conjunto$bVisual gráfico]$fNetwork for Multiprofessional Education in Heath Sciences, Centro de Formação e Aperfeiçoamento
Profissional do Ministério da Saúde$gDesign Gráfico Nicolau Tudela 210 #9 $a[S.l.]$cNetwork for Multiprofessional Education in Heath Sciences,$d[199-?]$e[S.l.] :$gCosta & Valério) 215 ## $a1 cartaz$ccolor.$d65x30 cm 306 ## $aDatação em conformidade com as características formais do documento 317 ## $aColeção Madeira Luís 702 #1 $aTudela,$bNicolau$4410$31392737 710 01 $aNetwork for Multiprofessional Education in Heath Sciences$31989912 711 01 $aPortugal.$bMinistério da Saúde.$bCentro de Formação e Aperfeiçoamento Profissional$3199935 801 #0 $aPT$bBN$gRPC 966 ## $lBN$mICONOG$sCT. 24628 A.$x3 971 ## $cCaticonografia6$d20260309 995 ## $aPRR2026
Etiqueta de registo: 00000nkm 2200025 450 001 2279582 003 http://id.bnportugal.gov.pt/bib/catbnp/2279582 100 ## $a20260312d1989 m y0pory01030103ba 101 0# $apor$aeng 102 ## $aPT 200 1# $a3.º Encontro Internacional para o Desenvolvimento da Formação Multiprofissional ,
Lisboa, 16-17 outubro 1989, $bVisual gráfico]$gdesign gráfico Nicolau Tudela 210 #9 $a[S.l.$cs.n.],$d1989$e[S.l.] :$gCosta & Valério) 215 ## $a1 cartaz$ccolor.$d65x30 cm 317 ## $aColeção Madeira Luís 702 #1 $aTudela,$bNicolau$4410$31392737 710 01 $aGeneral Meeting of the European Network for Development of Multiprofessional Education
in Health Sciences (EMPE),$d3,$eLisbon,$f1989$31993453 712 01 $aEuropean Network for Development of Multiprofessional Education in Health Sciences$31990957 712 01 $aPortugal.$bMinistério da Saúde.$bDepartamento de Recursos Humanos$349938 801 #0 $aPT$bBN$gRPC 966 ## $lBN$mICONOG$sCT. 24336 A.$x3 971 ## $cCaticonografia5$d20260312 995 ## $aPRR2026
|
|
|